Piłkarska kariera Gianluca Zambrotty - Statystyki

Ogólne statystyki
  • Ten quiz został rozwiązany 30 razy
  • Średni wynik to 3 z 6
Statystyki odpowiedzi
Lata Drużyna % Poprawnych
2008-2012 AC Milan
89%
1999-2006 Juventus
85%
2006-2008 Barcelona
70%
1997-1999 Bari
15%
2013-2013 Chiasso
4%
1994-1997 Como
4%
Nie znaleziono quizów pasujących do podanych kryteriów
Rozkład punktacji
Procent ludzi z każdym wynikiem
Percentyl według liczby udzielonych odpowiedzi
Twoja historia wyników
Nie rozwiązałeś tego quizu